000 02364nam0a2200397 i 4500
001 RU\NLR\bibl\1962709
005 20260408090016.0
010 _a9785875557880
_9300
021 _aRU
_b2012-76888
_95704
035 _a(nilc)RSL-KNO-005509084
035 _a(NLR Aleph) 001951707
090 _a3704343
_c3704343
100 _a20121015d2012 k y0rusy50 ca
101 0 _arus
102 _aRU
105 _ay |||||||||
200 1 _aОномастика Поволжья
_eматериалы XIII международной научной конференции, Ярославль, 13-14 сентября 2012 года
_f[редкол.: Р.В. Разумов, В.И. Супрун (отв. редакторы) и др.]
210 _aЯрославль
_cИзд-во ФГБОУ ВПО "Ярославский государственный педагогический университет им. К.Д. Ушинского"
_d2012
215 _a423 с.
_d21
300 _aВ надзаг.: М-во образования и науки Рос. Федерации, ФГБОУ ВПО "Яросл. гос. пед. ун-т им. К.Д. Ушинского", ФГБОУ ВПО "Волгогр. гос. социал.-пед. ун-т", ФГБУН "Ин-т этнологии и антропологии им. Н.Н. Миклухо-Маклая" РАН
320 _aБиблиогр. в конце ст.
606 _aОномастика
_jСъезды, совещания и т.п.
_xв литературе
_92099725
_3RU\NLR\auth\661270050
606 1 _aЯзыки народов Поволжья
_jСъезды, совещания и т.п.
_xОномастика
_92257684
_3RU\NLR\auth\661353885
686 _aД9(2Р354)0в4я431(0)
_2rubbk
686 _aШ141.2-314я431(0)
_2rubbk
686 _aШ401.19
686 _aШ12/17(235)-314я431
702 1 _aРазумов
_bР. В.
_gРоман Викторович
_4340
711 1 2 _a"Ономастика Поволжья", международная научная конференция
_d13
_f2012
_eЯрославль
_3RU\NLR\AUTH\8810228177
_9341150
801 0 _aRU
_bRuMoRKP
_c20121015
_grcr
801 1 _aRU
_bРГБ
_c20121015
801 2 _aRU
_bNLR
_c20121101
_grcr
830 _aРед. по кн.
942 _cBOOK
980 _aNBR